[Event "Schwarzacher op 35th"]
[Site "Schwarzach"]
[Date "2022.07.23"]
[Round "8"]
[White "Palac, Mladen"]
[Black "Praveen Kumar, Chandrasekar"]
[Result "0-1"]
[WhiteElo "2519"]
[BlackElo "2143"]
[PlyCount "82"]
[EventDate "2022.07.17"]
[EventType "swiss"]
[EventRounds "9"]
[EventCountry "AUT"]
[SourceTitle "CBM 209 Extra"]
[Source "ChessBase"]
[SourceDate "2022.09.30"]
[SourceVersion "1"]
[SourceVersionDate "2022.09.30"]
[SourceQuality "1"]

1. Nf3 Nf6 2. c4 g6 3. Nc3 Bg7 4. e4 d6 5. d4 0-0 6. Be2 Nbd7 7. Be3 e5 8. d5 a5 9. Nd2 Nc5 10. a3 a4 11. Bxc5 dxc5 12. Nxa4 Qe7 13. 0-0 Ne8 14. Nc3 f5 15. Qc2 Bh6 16. Rfd1 b6 17. Bf3 Nd6 18. Nb5 Bd7 19. Nxd6 cxd6 20. Nb1 Rf7 21. Nc3 Raf8 22. Rf1 Qh4 23. b4 cxb4 24. axb4 Bg5 25. Qe2 Qh6 26. Ra2 Bf4 27. g3 Bg5 28. h4 Bxh4 29. gxh4 f4 30. Rfa1 Qxh4 31. Qf1 g5 32. Qg2 g4 33. Ra8 Rg7 34. Rxf8+ Kxf8 35. Ra8+ Kf7 36. Ra7 Kf6 37. Bd1 g3 38. fxg3 Rxg3 39. Ra3 Rxg2+ 40. Kxg2 Qg3+ 41. Kf1 Bh3+ 0-1

[Event "Titled Tuesday intern op 06th July"]
[Site "Chess.com INT"]
[Date "2021.07.06"]
[Round "2"]
[White "Feller, Gabriela Luisa Vice"]
[Black "Praveen Kumar, Chandrasekar"]
[Result "0-1"]
[WhiteElo "1821"]
[BlackElo "2158"]
[PlyCount "102"]
[EventDate "2021.07.06"]
[EventType "swiss (blitz)"]
[EventRounds "11"]
[EventCountry "USA"]
[SourceTitle "EXT 2022"]
[Source "ChessBase"]
[SourceDate "2021.10.06"]
[SourceVersion "1"]
[SourceVersionDate "2021.10.06"]
[SourceQuality "1"]

1. d4 Nf6 2. c4 d6 3. Nf3 Nbd7 4. Nc3 e5 5. dxe5 dxe5 6. e4 c6 7. Be2 Be7 8. 0-0 0-0 9. b3 Qc7 10. Bb2 Nc5 11. Qc2 Bg4 12. Rad1 Ne6 13. Rfe1 Rad8 14. h3 Bxf3 15. Bxf3 Nd4 16. Qc1 Nxf3+ 17. gxf3 Nh5 18. Ne2 Rd6 19. Ng3 Nf4 20. Bxe5 Rxd1 21. Bxc7 Rxc1 22. Rxc1 Nxh3+ 23. Kg2 Ng5 24. Rd1 Ne6 25. Be5 Bg5 26. Rd7 Bf4 27. Bd6 Bxd6 28. Rxd6 Rd8 29. Nf5 Rxd6 30. Nxd6 Nd8 31. a3 Kf8 32. Kg3 Ke7 33. Nc8+ Kd7 34. Nxa7 Kc7 35. b4 Kb8 36. Nxc6+ Nxc6 37. Kf4 Kc7 38. e5 Nd4 39. Ke4 Nc2 40. Kd5 Nxa3 41. f4 g6 42. f3 h5 43. e6 fxe6+ 44. Kxe6 h4 45. Kf6 h3 46. Kxg6 h2 47. f5 h1Q 48. f6 Qxf3 49. f7 Qg4+ 50. Kf6 Qf4+ 51. Ke7 Qd6+ 0-1

[Event "Titled Tuesday intern op 13th Oct"]
[Site "Chess.com INT"]
[Date "2020.10.13"]
[Round "1"]
[White "Ramirez Alvarez, Alejandro"]
[Black "Praveen Kumar, Chandrasekar"]
[Result "0-1"]
[WhiteElo "2567"]
[BlackElo "2158"]
[PlyCount "92"]
[EventDate "2020.10.13"]
[EventType "swiss (blitz)"]
[EventRounds "10"]
[EventCountry "USA"]
[SourceTitle "CBM 198 Extra"]
[Source "ChessBase"]
[SourceDate "2020.11.30"]
[SourceVersion "1"]
[SourceVersionDate "2020.11.30"]
[SourceQuality "1"]

1. Nf3 d6 2. c4 e5 3. d4 Nd7 4. Nc3 Ngf6 5. g3 Be7 6. Bg2 0-0 7. 0-0 c6 8. e4 a6 9. Qc2 b5 10. c5 Qc7 11. Rd1 dxc5 12. dxe5 Nxe5 13. Nxe5 Qxe5 14. Bf4 Qe6 15. e5 Nh5 16. Be3 c4 17. f4 g6 18. Nd5 cxd5 19. Bxd5 Qh3 20. Bxa8 Bf5 21. Qg2 Ng7 22. Qxh3 Bxh3 23. Bg2 Bg4 24. Rdc1 Ne6 25. b3 Ba3 26. Rc2 Bf5 27. Rac1 Bxc1 28. Rxc1 Bd3 29. Kf2 Rd8 30. Bb7 a5 31. Ba6 cxb3 32. axb3 b4 33. Bb7 Nd4 34. Rd1 Nxb3 35. Ba6 Bxa6 36. Rxd8+ Kg7 37. Ra8 Bc4 38. Bb6 Nc1 39. Bxa5 b3 40. Ke3 b2 41. Rb8 Nb3 42. Bc3 b1Q 43. e6+ f6 44. e7 Qd3+ 45. Kf2 Qe2+ 46. Kg1 Qf1# 0-1

[Event "Titled Tuesday intern op 23rd June"]
[Site "Chess.com INT"]
[Date "2020.06.23"]
[Round "9"]
[White "Lazavik, Denis"]
[Black "Praveen Kumar, Chandrasekar"]
[Result "1-0"]
[WhiteElo "2424"]
[BlackElo "2158"]
[PlyCount "107"]
[EventDate "2020.06.23"]
[EventType "swiss (blitz)"]
[EventRounds "10"]
[EventCountry "USA"]
[SourceTitle "CBM 197 Extra"]
[Source "ChessBase"]
[SourceDate "2020.09.30"]
[SourceVersion "1"]
[SourceVersionDate "2020.09.30"]
[SourceQuality "1"]

1. d4 d6 2. Nf3 Nd7 3. c4 e5 4. Nc3 Ngf6 5. g3 Be7 6. Bg2 0-0 7. 0-0 c6 8. e4 a6 9. d5 cxd5 10. cxd5 b5 11. Ne1 Nb6 12. Nd3 Nfd7 13. b3 Qc7 14. Bd2 Nc5 15. Nxc5 dxc5 16. Be3 Bd6 17. Rc1 Qe7 18. Qd2 Nd7 19. Ne2 Bb7 20. Rc2 Rfc8 21. Nc1 a5 22. Nd3 c4 23. bxc4 bxc4 24. Nc1 Ba6 25. Ne2 c3 26. Qd1 Bb4 27. Re1 Qd6 28. Qa1 Bd3 29. Rxc3 Bxc3 30. Nxc3 Qb4 31. Bd2 Qd4 32. Bh3 Rc7 33. Qb2 Rb8 34. Qa3 Qb4 35. Qxb4 axb4 36. d6 Rxc3 37. Bxd7 Rd8 38. Bxc3 bxc3 39. Ba4 Rxd6 40. Rd1 Rd4 41. Bb3 Kf8 42. f3 Be2 43. Rc1 Bxf3 44. Rxc3 Bxe4 45. Rc8+ Ke7 46. Rc7+ Rd7 47. Rxd7+ Kxd7 48. Bxf7 h6 49. Kf2 Kd6 50. Ke3 Bd5 51. Bxd5 Kxd5 52. a3 g5 53. g4 Kc4 54. Ke4 1-0

[Event "Titled Tuesday intern op 23rd June"]
[Site "Chess.com INT"]
[Date "2020.06.23"]
[Round "7"]
[White "Praveen Kumar, Chandrasekar"]
[Black "Sevian, Samuel"]
[Result "0-1"]
[WhiteElo "2158"]
[BlackElo "2660"]
[PlyCount "80"]
[EventDate "2020.06.23"]
[EventType "swiss (blitz)"]
[EventRounds "10"]
[EventCountry "USA"]
[SourceTitle "CBM 197 Extra"]
[Source "ChessBase"]
[SourceDate "2020.09.30"]
[SourceVersion "1"]
[SourceVersionDate "2020.09.30"]
[SourceQuality "1"]

1. d4 Nf6 2. c4 g6 3. Nc3 Bg7 4. e4 d6 5. Nf3 0-0 6. Be2 Nc6 7. 0-0 e5 8. d5 Ne7 9. b4 Nd7 10. Ba3 a5 11. bxa5 h6 12. Bb4 f5 13. Nd2 h5 14. a4 f4 15. Nb3 Nb8 16. c5 Na6 17. Ba3 Rf6 18. Nb5 Bh6 19. Bf3 h4 20. h3 g5 21. Rc1 Bf8 22. Nxc7 Nxc7 23. cxd6 Rxd6 24. Bxd6 Qxd6 25. Bg4 Bxg4 26. Qxg4 Bh6 27. Qh5 Kg7 28. Rc3 Ne8 29. Rfc1 Nf6 30. Qf3 Rd8 31. Nc5 Kg6 32. Ne6 Ra8 33. g3 hxg3 34. fxg3 Rxa5 35. gxf4 exf4 36. h4 g4 37. Qd3 Qe5 38. Rc7 f3 39. Kf2 Qh2+ 40. Ke1 Qg1+ 0-1

[Event "Titled Tuesday intern op 23rd June"]
[Site "Chess.com INT"]
[Date "2020.06.23"]
[Round "1"]
[White "Praveen Kumar, Chandrasekar"]
[Black "Tica, Sven"]
[Result "0-1"]
[WhiteElo "2158"]
[BlackElo "2402"]
[PlyCount "124"]
[EventDate "2020.06.23"]
[EventType "swiss (blitz)"]
[EventRounds "10"]
[EventCountry "USA"]
[SourceTitle "CBM 197 Extra"]
[Source "ChessBase"]
[SourceDate "2020.09.30"]
[SourceVersion "1"]
[SourceVersionDate "2020.09.30"]
[SourceQuality "1"]

1. d4 d5 2. c4 e6 3. Nf3 Nf6 4. g3 Be7 5. Bg2 0-0 6. 0-0 dxc4 7. Qc2 b5 8. b3 cxb3 9. axb3 Bb7 10. Nbd2 a6 11. Bb2 Nbd7 12. Rfc1 c5 13. dxc5 Bxc5 14. Bxf6 Qxf6 15. Ne4 Bxe4 16. Qxe4 a5 17. Qc6 Rfd8 18. Qxb5 Bb4 19. Rd1 Rab8 20. Qc6 Nc5 21. Rxd8+ Rxd8 22. Rc1 Nxb3 23. Rb1 Nd4 24. Nxd4 Qxd4 25. e3 Qf6 26. Rc1 h5 27. Qb7 g6 28. Rc8 Kg7 29. Rxd8 Qxd8 30. Qe4 Qd1+ 31. Bf1 Bc3 32. Qc4 Qd2 33. Kg2 Qb2 34. Qb5 Qc2 35. Bd3 Qa2 36. Bc4 Qd2 37. Qb7 Qd6 38. Qb5 Be1 39. Qb2+ Kg8 40. Bb5 Bb4 41. Ba4 Qd5+ 42. Kg1 h4 43. Qd4 Qa2 44. Qd8+ Kg7 45. Be8 h3 46. Qd4+ Kf8 47. Bb5 Be1 48. Qh8+ Ke7 49. Qh4+ Kd6 50. Qd4+ Qd5 51. Qxd5+ Kxd5 52. f4 Kc5 53. Be8 f6 54. Bxg6 a4 55. Bf7 Kd6 56. f5 exf5 57. Kf1 Bc3 58. Ke2 Be5 59. Kd3 Bxg3 60. Bg6 Ke5 61. e4 fxe4+ 62. Bxe4 a3 0-1

[Event "Titled Tuesday intern op 9th June"]
[Site "Chess.com INT"]
[Date "2020.06.09"]
[Round "2"]
[White "Ardelean, George Catalin"]
[Black "Praveen Kumar, Chandrasekar"]
[Result "1-0"]
[WhiteElo "2488"]
[BlackElo "2158"]
[PlyCount "27"]
[EventDate "2020.06.09"]
[EventType "swiss (blitz)"]
[EventRounds "10"]
[EventCountry "USA"]
[SourceTitle "CBM 196 Extra"]
[Source "ChessBase"]
[SourceDate "2020.07.31"]
[SourceVersion "1"]
[SourceVersionDate "2020.07.31"]
[SourceQuality "1"]

1. d4 d6 2. e4 Nf6 3. Nc3 e5 4. Nf3 Nbd7 5. Rg1 Be7 6. g4 exd4 7. Nxd4 Nc5 8. Qf3 h5 9. g5 Ng4 10. h4 Be6 11. Bf4 Qd7 12. 0-0-0 0-0-0 13. Qg3 Na4 14. Bb5 1-0

[Event "Titled Tuesday intern op 21st April"]
[Site "Chess.com INT"]
[Date "2020.04.21"]
[Round "2"]
[White "Afanasiev, Nikita"]
[Black "Praveen Kumar, Chandrasekar"]
[Result "1-0"]
[WhiteElo "2507"]
[BlackElo "2158"]
[PlyCount "101"]
[EventDate "2020.04.21"]
[EventType "swiss (blitz)"]
[EventRounds "10"]
[EventCountry "USA"]
[SourceTitle "EXT 2021"]
[Source "ChessBase"]
[SourceDate "2020.10.23"]
[SourceVersion "1"]
[SourceVersionDate "2020.10.23"]
[SourceQuality "1"]

1. e4 e6 2. d4 d5 3. Nc3 Bb4 4. exd5 exd5 5. Bd3 Nf6 6. Nge2 c5 7. a3 Bxc3+ 8. Nxc3 c4 9. Be2 0-0 10. Bg5 h6 11. Bxf6 Qxf6 12. Nxd5 Qd6 13. Bxc4 Be6 14. Ne3 Bxc4 15. Nxc4 Re8+ 16. Ne3 Nc6 17. c3 f5 18. 0-0 f4 19. Nc4 Qg6 20. Qf3 Rf8 21. Rfe1 Kh8 22. d5 Nd8 23. Ne5 Qf5 24. c4 Nf7 25. Nxf7+ Rxf7 26. Re4 Raf8 27. Rae1 b5 28. b3 bxc4 29. bxc4 Qd7 30. h3 Qd6 31. Re6 Qc5 32. Rc6 Qa5 33. Ree6 Rb7 34. Qe4 Qc3 35. Re8 Rbf7 36. Rcc8 Qf6 37. c5 f3 38. d6 fxg2 39. Rxf8+ Rxf8 40. Rxf8+ Qxf8 41. d7 Qf6 42. Qe8+ Kh7 43. d8Q Qa1+ 44. Kxg2 Qb1 45. Qg8+ Kg6 46. Qd6+ Kh5 47. Qf7+ Kg5 48. Qf3 Qf5 49. h4+ Kxh4 50. Qxf5 g5 51. Qh3# 1-0

[Event "Titled Tuesday intern op 21st April"]
[Site "Chess.com INT"]
[Date "2020.04.21"]
[Round "5"]
[White "Fischer, Daniel1111"]
[Black "Praveen Kumar, Chandrasekar"]
[Result "0-1"]
[WhiteElo "2331"]
[BlackElo "2158"]
[PlyCount "104"]
[EventDate "2020.04.21"]
[EventType "swiss (blitz)"]
[EventRounds "10"]
[EventCountry "USA"]
[SourceTitle "EXT 2021"]
[Source "ChessBase"]
[SourceDate "2020.10.23"]
[SourceVersion "1"]
[SourceVersionDate "2020.10.23"]
[SourceQuality "1"]

1. e4 e6 2. d4 d5 3. Nd2 Be7 4. Ngf3 f6 5. Bd3 Nh6 6. 0-0 Nf7 7. Re1 0-0 8. c3 c6 9. Nf1 Bd6 10. Ng3 Qc7 11. c4 Na6 12. a3 Bf4 13. b4 Bd7 14. Qc2 b5 15. e5 Bxc1 16. Bxh7+ Kh8 17. Raxc1 f5 18. Bxf5 exf5 19. cxd5 Nh6 20. d6 Qc8 21. Nh4 Kg8 22. Ng6 Re8 23. Nf4 Nb8 24. d5 cxd5 25. Qxc8 Bxc8 26. Nxd5 Be6 27. Nc7 Nd7 28. Nxa8 Rxa8 29. Rc7 a5 30. Rec1 axb4 31. Rc8+ Rxc8 32. Rxc8+ Kf7 33. axb4 Nxe5 34. Rc5 Nc4 35. Rxb5 Nxd6 36. Rb6 Ke7 37. Ne2 Nhf7 38. Nf4 Bc4 39. Ng6+ Kf6 40. Nf4 Ke5 41. Ng6+ Kd4 42. h4 Ne4 43. f3 Nc3 44. Rb7 Ke3 45. g4 f4 46. h5 Ng5 47. Rxg7 Nxf3+ 48. Kg2 Ne1+ 49. Kh1 f3 50. Nh4 f2 51. Ng2+ Nxg2 52. Kxg2 f1Q+ 0-1

[Event "Titled Tuesday intern op 4th Febr"]
[Site "Chess.com INT"]
[Date "2020.02.04"]
[Round "1"]
[White "Iturrizaga Bonelli, Eduardo"]
[Black "Praveen Kumar, Chandrasekar"]
[Result "0-1"]
[WhiteElo "2598"]
[BlackElo "2158"]
[PlyCount "20"]
[EventDate "2020.02.04"]
[EventType "swiss (blitz)"]
[EventRounds "10"]
[EventCountry "USA"]
[SourceTitle "EXT 2021"]
[Source "ChessBase"]
[SourceDate "2020.10.23"]
[SourceVersion "1"]
[SourceVersionDate "2020.10.23"]
[SourceQuality "1"]

1. c4 Nf6 2. g3 d6 3. Bg2 e5 4. Nc3 c6 5. Nf3 Nbd7 6. d4 Be7 7. 0-0 0-0 8. e4 a6 9. a4 a5 10. h3 Re8 0-1

[Event "Titled Tuesday intern op 4th Febr"]
[Site "Chess.com INT"]
[Date "2020.02.04"]
[Round "4"]
[White "Mezentsev, Ivan"]
[Black "Praveen Kumar, Chandrasekar"]
[Result "1-0"]
[WhiteElo "2354"]
[BlackElo "2158"]
[PlyCount "53"]
[EventDate "2020.02.04"]
[EventType "swiss (blitz)"]
[EventRounds "10"]
[EventCountry "USA"]
[SourceTitle "EXT 2021"]
[Source "ChessBase"]
[SourceDate "2020.10.23"]
[SourceVersion "1"]
[SourceVersionDate "2020.10.23"]
[SourceQuality "1"]

1. e4 e5 2. Nf3 d6 3. Nc3 Nf6 4. g3 Be7 5. Bg2 c6 6. d3 0-0 7. 0-0 Nbd7 8. h3 a6 9. Be3 b5 10. Nh4 Re8 11. Nf5 Bf8 12. f4 b4 13. Ne2 c5 14. g4 g6 15. fxe5 Nxe5 16. Nh6+ Bxh6 17. Bxh6 Nfxg4 18. hxg4 Nxg4 19. Bf4 Qh4 20. Qd2 Re5 21. Bg3 Qh5 22. Nf4 Qh6 23. Rad1 Rg5 24. Nh3 Ne3 25. Nxg5 Qxg5 26. Rf3 Bg4 27. Bf4 1-0

[Event "Titled Tuesday intern op 2nd April"]
[Site "Chess.com INT"]
[Date "2019.04.02"]
[Round "3"]
[White "Praveen Kumar, Chandrasekar"]
[Black "Srbis, Jurica"]
[Result "0-1"]
[WhiteElo "2225"]
[BlackElo "2430"]
[PlyCount "69"]
[EventDate "2019.04.02"]
[EventType "swiss (blitz)"]
[EventRounds "10"]
[EventCountry "USA"]
[SourceTitle "EXT 2021"]
[Source "ChessBase"]
[SourceDate "2020.10.23"]
[SourceVersion "1"]
[SourceVersionDate "2020.10.23"]
[SourceQuality "1"]

1. d4 Nf6 2. c4 e6 3. Nc3 Bb4 4. f3 c5 5. d5 b5 6. e4 bxc4 7. Bxc4 exd5 8. Bxd5 Nxd5 9. Qxd5 Nc6 10. Nge2 0-0 11. 0-0 Bb7 12. Qh5 Ba6 13. Rd1 Nd4 14. Nxd4 cxd4 15. Rxd4 Qb6 16. Be3 Bc5 17. Rad1 Bxd4 18. Bxd4 Qg6 19. Qh3 Bc4 20. f4 f6 21. b3 Ba6 22. f5 Qf7 23. Na4 d6 24. Nc3 Rfe8 25. Qg3 Rad8 26. Nd5 Kh8 27. Nf4 Rxe4 28. Ne6 Rd7 29. Bc5 Re5 30. Qf3 Qe8 31. Bxd6 Be2 32. Qc6 Bxd1 33. Bxe5 fxe5 34. Nc5 Rd8 35. f6 0-1

[Event "New Delhi Parsvnath op-A 17th"]
[Site "New Delhi"]
[Date "2019.01.13"]
[Round "7"]
[White "Praveen Kumar, Chandrasekar"]
[Black "Nguyen, Van Huy"]
[Result "1-0"]
[WhiteElo "2233"]
[BlackElo "2450"]
[PlyCount "69"]
[EventDate "2019.01.09"]
[EventType "swiss"]
[EventRounds "10"]
[EventCountry "IND"]
[SourceTitle "CBM 188 Extra"]
[Source "ChessBase"]
[SourceDate "2019.02.26"]
[SourceVersion "1"]
[SourceVersionDate "2019.02.26"]
[SourceQuality "1"]

1. d4 Nf6 2. c4 e6 3. Nc3 Bb4 4. g3 0-0 5. Bg2 d5 6. Nf3 dxc4 7. 0-0 Nc6 8. a3 Be7 9. e4 b6 10. Qe2 Na5 11. Bf4 Bb7 12. Rad1 c6 13. Rfe1 b5 14. Ne5 Qe8 15. d5 Bc5 16. Bg5 Nd7 17. Nxd7 Qxd7 18. Bh3 cxd5 19. exd5 Rae8 20. Ne4 Be7 21. dxe6 Qc6 22. exf7+ Rxf7 23. Bd7 Bxg5 24. Bxe8 Qxe4 25. Qxe4 Bxe4 26. Bxf7+ Kxf7 27. Rxe4 Bf6 28. Rd7+ Kg6 29. Rxa7 Nb3 30. Re6 Kf5 31. Rxf6+ gxf6 32. Rxh7 Ke4 33. Rd7 Nc5 34. Rd2 Nb3 35. Rd8 1-0